Highest Grossing Telugu Movies - Statistics

General Stats
  • This quiz has been taken 163 times
    108 since last reset
  • The average score is 12 of 20
Answer Stats
Gross Year Movie % Correct
₹1811 crore 2017 Baahubali 2 - The Conclusion
100%
₹625 crore 2015 Baahubali - The Beginning
100%
₹367 crore 2021 Pushpa: The Rise
97%
₹1387 crore 2022 RRR
95%
₹1150 crore 2024 Kalki 2898 AD
85%
₹710 crore 2023 Salaar: Part 1 - Ceasefire
81%
₹515 crore 2019 Saaho
75%
₹404 crore 2024 Devara
69%
₹1344 crore 2024 Pushpa 2
56%
₹350 crore 2024 Hanu-Man
53%
₹216 crore 2018 Rangasthalam
53%
₹354 crore 2023 Adipurush
49%
₹207 crore 2022 Radhe Shyam
46%
₹260 crore 2020 Sarileru Neekevvaru
44%
₹200 crore 2015 Srimanthudu
42%
₹271 crore 2020 Ala Vaikunthapurramuloo
37%
₹200 crore 2019 Maharshi
34%
₹206 crore 2018 Bharat Ane Nenu
31%
₹241 crore 2019 Sye Raa Narasimha Reddy
24%
₹226 crore 2023 Waltair Veerayya
24%
No matching quizzes found
Score Distribution
Percent of People with Each Score
Percentile by Number Answered
Your Score History
You have not taken this quiz since the last reset